000 00286nam a22001337a 4500
008 180925b xxu||||| |||| 00| 0 eng d
020 _a0397511604
041 _aeng
080 _a617
100 _a6
101 _aANE
245 _aClinical Anesthesia
_cBarash, P.G
942 _2udc
_cBK
999 _c48427
_d48427